Social sciences and the government: the Asian scene (Record no. 934)

MARC details
000 -LEADER
fixed length control field 00480nam a2200169Ia 4500
020 ## - INTERNATIONAL STANDARD BOOK NUMBER
ISBN 81-7062-032-5
082 ## - DEWEY DECIMAL CLASSIFICATION NUMBER
Classification number 306.2095 SOC;
245 #0 - TITLE STATEMENT
Title Social sciences and the government: the Asian scene
260 ## - PUBLICATION, DISTRIBUTION, ETC. (IMPRINT)
Place of publication New Delhi
Name of publisher Lancer International
Year of publication 1987
300 ## - PHYSICAL DESCRIPTION
Number of Pages 140p.
650 ## - SUBJECT ADDED ENTRY--TOPICAL TERM
Topical Term Social sciences - Political aspects - Asia
650 ## - SUBJECT ADDED ENTRY--TOPICAL TERM
Topical Term Political sociology
650 ## - SUBJECT ADDED ENTRY--TOPICAL TERM
Topical Term Social sciences - Research - Asia
700 ## - ADDED ENTRY--PERSONAL NAME
Personal name Narain, Iqbal
700 ## - ADDED ENTRY--PERSONAL NAME
Personal name Atal, Yogesh
942 ## - ADDED ENTRY ELEMENTS (KOHA)
Koha item type Books
Holdings
Withdrawn status Lost status Damaged status Not for loan Home library Current library Date acquired Bill Date Full call number Accession Number Price effective from Koha item type
        NASSDOC Library NASSDOC Library 08/06/2004 2004-10-22 306.2095 SOC; 27533 18/04/2019 Books